| 000 | 00674nas a2200229 4500 | ||
|---|---|---|---|
| 001 | BR0705903 | ||
| 003 | BR-BrBNA | ||
| 005 | 20231205111212.0 | ||
| 007 | ta | ||
| 008 | 230509b bl.|||p| |||| 00| 00por d | ||
| 040 |
_aBR-BrBNA _bpor _cBiblioteca Nacional de Agricultura |
||
| 041 | _a(Pt) | ||
| 072 | _aH10 | ||
| 100 | 1 | _aVictória Filho, R. | |
| 245 | 1 | _aPlantas daninhas na citricultura sustentável | |
| 650 | _aFRUTA CÍTRICA | ||
| 650 | _aERVA DANINHA | ||
| 650 | _aSISTEMA RADICULAR | ||
| 773 | 0 |
_tVisão Agrícola (Brazil) _xISSN 1806-6402 _g(Jul-Dec 2004), v. 1(2) p. 108-111 _wBR0705903 |
|
| 909 |
_a202311 _bLúcia _c55 _dLúcia Elande |
||
| 942 |
_2AGRIS _n0 _cANA |
||
| 999 |
_c191309 _d191309 |
||